| 000 | 00337nam a2200133Ia 4500 | ||
|---|---|---|---|
| 005 | 20251222144820.0 | ||
| 008 | 251222s9999||||xx |||||||||||||| ||spa|| | ||
| 020 | _a9972-613-34-8 | ||
| 082 | _a985.013/F62 | ||
| 100 | _aFlores Espinoza, Isabel | ||
| 245 | 0 | _aPucllana: | |
| 264 | _bInstituto Nacional de Cultura del PerĂº | ||
| 942 | _cLIB | ||
| 999 |
_c20444 _d20444 |
||